ARRUPE JESUIT UNIVERSITY

CORONAVIRUS -STOP THE SPREAD - CLEAN,DISINFECT,COVER

Mozambique (Record no. 130098)

MARC details
000 -LEADER
fixed length control field 00511nam a22001577a 4500
008 - FIXED-LENGTH DATA ELEMENTS--GENERAL INFORMATION
fixed length control field 191203b ||||| |||| 00| 0 eng d
050 ## - LIBRARY OF CONGRESS CALL NUMBER
Classification number LA1986.M939
245 ## - TITLE STATEMENT
Title Mozambique
Remainder of title national human development report 2000
Statement of responsibility, etc SARDC
260 ## - PUBLICATION, DISTRIBUTION, ETC. (IMPRINT)
Place of publication, distribution, etc Maputo
Name of publisher, distributor, etc UNDP
Date of publication, distribution, etc 2000
300 ## - PHYSICAL DESCRIPTION
Extent x, 101p. ;
Dimensions 30cm.
651 ## - SUBJECT ADDED ENTRY--GEOGRAPHIC NAME
Geographic name Mozambique
General subdivision Education
9 (RLIN) 48857
651 ## - SUBJECT ADDED ENTRY--GEOGRAPHIC NAME
Geographic name Mozambique
General subdivision Development
-- Social conditions
9 (RLIN) 48858
700 ## - ADDED ENTRY--PERSONAL NAME
Personal name Fauvet, Paul (tr.)
9 (RLIN) 48859
700 ## - ADDED ENTRY--PERSONAL NAME
Personal name Valia, Bayano R. (tr.)
9 (RLIN) 48860
942 ## - ADDED ENTRY ELEMENTS (KOHA)
Source of classification or shelving scheme Library of Congress Classification
Item type Monograph ( Printed materials)
Holdings
Withdrawn status Lost status Source of classification or shelving scheme Damaged status Not for loan Collection code Home library Current library Shelving location Date acquired Total Checkouts Full call number Barcode Date last seen Price effective from Koha item type
    Library of Congress Classification     Main Collection ARRUPE LIBRARY ARRUPE LIBRARY Main Collection 03/12/2019   LA1986.M939 46600006210 03/12/2019 03/12/2019 Monograph ( Printed materials)

 

Arrupe Library. PO Box MP320 Mt Pleasant, Harare, Zimbabwe
263 242 745411|librarian@aju.ac.zw